[Event "SR 2. liga A 2011/2012"]
[Site "?"]
[Date "2012.01.29"]
[Round "49.5"]
[White "Prikler, Bruno"]
[Black "Pericka, Tomas"]
[Result "1-0"]
[WhiteElo "2037"]
[BlackElo "2008"]
[PlyCount "69"]
[EventDate "2011.??.??"]
[WhiteTeam "Slovakia"]
[BlackTeam "Slovakia"]
[WhiteTeamCountry "SVK"]
[BlackTeamCountry "SVK"]

1. c4 c5 2. g3 g6 3. Bg2 Bg7 4. Nc3 Nc6 5. e3 d6 6. a3 Be6 7. Nd5 Nf6 8. Ne2
Qd7 9. d3 g5 10. Rb1 Ne5 11. f4 gxf4 12. exf4 Nc6 13. O-O h5 14. f5 Bxf5 15.
Rxf5 Qxf5 16. Nc7+ Kd7 17. Nxa8 Ng4 18. Bf4 Rxa8 19. Be4 Qf6 20. h3 Nh6 21. b4
cxb4 22. axb4 Nf5 23. b5 Ncd4 24. Bxb7 Rg8 25. Nxd4 Qxd4+ 26. Kh1 e5 $4 27.
Qxh5 Qxd3 28. Rd1 Qc2 29. Qxf7+ Ne7 30. Bc6+ Kc7 31. Qxe7+ Kb6 32. Be3+ Ka5 33.
Ra1+ Kb4 34. Qxd6+ Kb3 35. Qa3+ 1-0

[Event "SR 2. liga A 2011/2012"]
[Site "?"]
[Date "2012.01.29"]
[Round "49.6"]
[White "Diviak, Rastislav"]
[Black "Hricak, Vasil"]
[Result "1-0"]
[WhiteElo "2020"]
[BlackElo "1978"]
[PlyCount "113"]
[EventDate "2011.??.??"]
[WhiteTeam "Slovakia"]
[BlackTeam "Slovakia"]
[WhiteTeamCountry "SVK"]
[BlackTeamCountry "SVK"]

1. e4 c5 2. Nf3 Nc6 3. d4 cxd4 4. Nxd4 Nf6 5. Nc3 g6 6. Nxc6 bxc6 7. e5 Nd5 8.
Nxd5 cxd5 9. Qxd5 Rb8 10. e6 f6 11. exd7+ Bxd7 12. Bc4 e6 13. Qd3 Qc7 14. O-O
Bd6 15. h3 Rb4 16. b3 Be5 17. c3 Rb6 18. Ba3 Bd6 19. Bxd6 Rxd6 20. Qe3 O-O 21.
Rad1 a5 22. Rd4 Kg7 23. Rfd1 Rxd4 24. Qxd4 Bc8 25. Qd6 Qxd6 26. Rxd6 Kf7 27.
Ba6 Ke7 28. Rb6 Bd7 29. Rb7 Kd6 30. Bb5 Bxb5 31. Rxb5 Ra8 32. c4 Kc6 33. Kf1 a4
34. b4 Rd8 35. Ra5 Rd4 36. b5+ Kc5 37. Rxa4 Rd2 38. Ke1 Rb2 39. Ra8 Kxc4 40. a4
e5 41. g3 f5 42. Ra7 f4 43. gxf4 exf4 44. Rxh7 Rb4 45. Ra7 Kd3 46. Rd7+ Ke4 47.
Rd1 Rxa4 48. Rb1 Kf3 49. Kf1 Ra7 50. b6 Rb7 51. Rb3+ Ke4 52. Kg2 Kf5 53. Kf3 g5
54. Rb5+ Kg6 55. Kg4 Kf6 56. f3 Rg7 57. Rf5+ 1-0

[Event "SR 2. liga A 2011/2012"]
[Site "?"]
[Date "2012.01.29"]
[Round "49.7"]
[White "Sosovicka, Matej"]
[Black "Spacek, Marcel"]
[Result "1-0"]
[WhiteElo "1961"]
[BlackElo "1818"]
[PlyCount "61"]
[EventDate "2011.??.??"]
[WhiteTeam "Slovakia"]
[BlackTeam "Slovakia"]
[WhiteTeamCountry "SVK"]
[BlackTeamCountry "SVK"]

1. e4 c5 2. Nf3 e6 3. d4 cxd4 4. Nxd4 a6 5. c4 Qc7 6. Nc3 Nf6 7. a3 d6 8. Be3
Nbd7 9. Be2 b6 10. O-O Bb7 11. f3 Be7 12. Rc1 Rc8 13. Qe1 Ne5 14. Qf2 Nfd7 15.
b4 Qd8 16. Na4 Bh4 17. g3 Bf6 18. Nb3 Rc6 19. Rfd1 Nxc4 20. Bxc4 b5 21. Na5 Rc7
22. Bb6 Nxb6 23. Qxb6 Rxc4 24. Rxc4 Qxb6+ 25. Nxb6 bxc4 26. Nxb7 c3 27. Nxd6+
Ke7 28. Nbc8+ Kf8 29. f4 Be7 30. e5 f6 31. Rc1 1-0

[Event "SR 2. liga A 2011/2012"]
[Site "?"]
[Date "2012.01.29"]
[Round "49.8"]
[White "Gasa, Patrik"]
[Black "Adamcik, Tomas"]
[Result "0-1"]
[WhiteElo "1768"]
[BlackElo "1911"]
[PlyCount "138"]
[EventDate "2011.??.??"]
[WhiteTeam "Slovakia"]
[BlackTeam "Slovakia"]
[WhiteTeamCountry "SVK"]
[BlackTeamCountry "SVK"]

1. d4 Nf6 2. c4 g6 3. Nc3 Bg7 4. e4 d6 5. f3 c6 6. Be3 Qa5 7. Qd2 Bd7 8. Bd3
Na6 9. Nge2 Nc7 10. Bh6 Bxh6 11. Qxh6 Qh5 12. Qxh5 Nxh5 13. a3 e5 14. d5 c5 15.
Kd2 f5 16. Rhf1 f4 17. b4 Na6 18. Rab1 b6 19. Rfc1 Ke7 20. Bc2 Rhc8 21. Kd3 Nf6
22. Ba4 Bxa4 23. Nxa4 cxb4 24. axb4 Nd7 25. Ng1 Rc7 26. Nc3 Rb7 27. Na2 Rc8 28.
Ne2 Nab8 29. Nec3 a6 30. Na4 Rbc7 31. b5 a5 32. Rc2 Nc5+ 33. Nxc5 Rxc5 34. Rbb2
Nd7 35. Rb1 R5c7 36. Rbc1 Nc5+ 37. Kc3 g5 38. h3 Kf6 39. Kd2 Nb3+ 40. Kd3 Nxc1+
41. Rxc1 h5 42. Rc2 Rg7 43. Nc3 Ke7 44. Na4 Rb8 45. c5 dxc5 46. Nb2 g4 47. hxg4
hxg4 48. Nc4 Kf6 49. Rc1 gxf3 50. gxf3 Rg3 51. Rf1 a4 52. d6 Rb7 53. Rd1 Ke6
54. Ke2 Rh7 55. Rd5 Rh2+ 56. Kf1 Rxf3+ 57. Kg1 Rh8 58. Rxe5+ Kd7 59. Re7+ Kd8
60. Ra7 Rg3+ 61. Kf2 Rh2+ 62. Kf1 Rc3 63. Kg1 Ra2 64. Ra8+ Kd7 65. Nxb6+ Ke6
66. Re8+ Kf7 67. Re7+ Kg6 68. Re6+ Kg5 69. Re5+ Kg4 0-1

[Event "SR 2. liga A 2011/2012"]
[Site "?"]
[Date "2012.01.29"]
[Round "50.1"]
[White "Federic, Jozef"]
[Black "Likavsky, Tomas"]
[Result "0-1"]
[WhiteElo "2270"]
[BlackElo "2486"]
[PlyCount "44"]
[EventDate "2011.??.??"]
[WhiteTeam "Slovakia"]
[BlackTeam "Slovakia"]
[WhiteTeamCountry "SVK"]
[BlackTeamCountry "SVK"]

1. d4 Nf6 2. c4 d6 3. Nc3 Nbd7 4. Nf3 g6 5. g3 Bg7 6. Bg2 e5 7. O-O O-O 8. e3
Re8 9. b4 exd4 10. exd4 Nb6 11. Qb3 Bf5 12. Rd1 Ne4 13. Bb2 c6 14. Nd2 Nxf2 15.
Rf1 Nd3 16. Nce4 Nxb2 17. Qxb2 Bxe4 18. Nxe4 Nxc4 19. Qc3 d5 20. Nc5 Re3 21.
Nd3 a5 22. a3 Qb6 0-1

[Event "SR 2. liga A 2011/2012"]
[Site "?"]
[Date "2012.01.29"]
[Round "50.2"]
[White "Doucha, Ludvik"]
[Black "Federic, Pavol"]
[Result "0-1"]
[WhiteElo "2102"]
[BlackElo "2219"]
[PlyCount "100"]
[EventDate "2011.??.??"]
[WhiteTeam "Slovakia"]
[BlackTeam "Slovakia"]
[WhiteTeamCountry "SVK"]
[BlackTeamCountry "SVK"]

1. e4 e5 2. Nf3 Nc6 3. Bb5 a6 4. Ba4 Nf6 5. O-O Nxe4 6. d4 b5 7. Bb3 d5 8. dxe5
Be6 9. c3 Be7 10. Nbd2 O-O 11. Qe2 Nc5 12. Bc2 Bg4 13. h3 Bh5 14. g4 Bg6 15.
Bxg6 fxg6 16. Nd4 Nxd4 17. cxd4 Ne6 18. Nb3 Bg5 19. Nc5 Nxd4 20. Qd1 Nf3+ 21.
Kh1 Bxc1 22. Rxc1 Qh4 23. Qxd5+ Kh8 24. Kg2 Ng5 25. Rc3 Rad8 26. Nd7 Nxh3 27.
Rxh3 Qxg4+ 28. Rg3 Qxd7 29. Qxd7 Rxd7 30. e6 Re7 31. Re3 Rfe8 32. Rfe1 g5 33.
Kg3 g6 34. Kg4 h6 35. R1e2 Kg7 36. Re1 Rd8 37. R1e2 Rd4+ 38. Kg3 h5 39. Rc3 Rd6
40. Rce3 g4 41. Re4 g5 42. Re5 Kf6 43. Rc5 Rexe6 44. Rxe6+ Rxe6 45. Rxc7 Kf5
46. Rc5+ Re5 47. Rc2 h4+ 48. Kg2 Kf4 49. Rd2 h3+ 50. Kf1 Re1+ 0-1

[Event "SR 2. liga A 2011/2012"]
[Site "?"]
[Date "2012.01.29"]
[Round "50.3"]
[White "Skara, Vladimir"]
[Black "Arendas, Marek"]
[Result "1-0"]
[WhiteElo "2219"]
[BlackElo "2082"]
[PlyCount "75"]
[EventDate "2011.??.??"]
[WhiteTeam "Slovakia"]
[BlackTeam "Slovakia"]
[WhiteTeamCountry "SVK"]
[BlackTeamCountry "SVK"]

1. e4 c5 2. Nf3 d6 3. d4 cxd4 4. Nxd4 Nf6 5. Nc3 g6 6. Be3 Bg7 7. f3 O-O 8. Qd2
Nc6 9. O-O-O Bd7 10. Kb1 Nxd4 11. Bxd4 Re8 12. h4 h5 13. Be2 Qa5 14. Rhg1 Rac8
15. g4 e5 16. Be3 Be6 17. a3 Red8 18. Bg5 Kf8 19. gxh5 gxh5 20. Be3 Qc7 21. Nb5
Qe7 22. Bxa7 d5 23. Bb6 Rd7 24. Qg5 Ne8 25. Qxh5 Qf6 26. Be3 d4 27. Bg5 Ba2+
28. Kxa2 Qe6+ 29. Kb1 Nf6 30. Bxf6 Bxf6 31. Bd3 Ke7 32. f4 Rh8 33. Qf5 Qxf5 34.
exf5 exf4 35. Rde1+ Kf8 36. Re4 Rxh4 37. Rf1 Rh3 38. Rfxf4 1-0

[Event "SR 2. liga A 2011/2012"]
[Site "?"]
[Date "2012.01.29"]
[Round "50.4"]
[White "Hertel, Ondrej"]
[Black "Mydlarik, Martin"]
[Result "0-1"]
[WhiteElo "2073"]
[BlackElo "2136"]
[PlyCount "94"]
[EventDate "2011.??.??"]
[WhiteTeam "Slovakia"]
[BlackTeam "Slovakia"]
[WhiteTeamCountry "SVK"]
[BlackTeamCountry "SVK"]

1. d4 d5 2. Nf3 Nf6 3. c4 e6 4. Bg5 Be7 5. e3 O-O 6. Nc3 b6 7. cxd5 exd5 8. Be2
h6 9. Bf4 c5 10. Ne5 Bb7 11. O-O Nc6 12. Bb5 Nxe5 13. Bxe5 Rc8 14. a4 c4 15. a5
a6 16. Ba4 b5 17. Bc2 Bc6 18. Qf3 b4 19. Ne2 Ne4 20. Qg4 g6 21. Qh3 Kh7 22. f3
Ng5 23. Qg3 Ne6 24. f4 f5 25. Qf3 Nc5 26. h4 Ne4 27. h5 gxh5 28. Ng3 h4 29.
Nxe4 dxe4 30. Qh5 b3 31. Bd1 Be8 32. Qe2 Qd5 33. Qd2 Bb5 34. Qc3 Rg8 35. Kh2
Rg3 36. Rf2 Rcg8 37. Be2 h3 38. gxh3 Qf7 39. Qe1 Qg6 40. Qf1 Rxe3 41. Rg2 Qxg2+
42. Qxg2 Rxg2+ 43. Kxg2 Rxe2+ 44. Kh1 Bc6 45. d5 Bxd5 46. Rd1 Bc6 47. h4 e3+
0-1

[Event "SR 2. liga A 2011/2012"]
[Site "?"]
[Date "2012.01.29"]
[Round "50.5"]
[White "Sustak, Roman"]
[Black "Liptak, Dusan"]
[Result "0-1"]
[WhiteElo "1971"]
[BlackElo "2075"]
[PlyCount "70"]
[EventDate "2011.??.??"]
[WhiteTeam "Slovakia"]
[BlackTeam "Slovakia"]
[WhiteTeamCountry "SVK"]
[BlackTeamCountry "SVK"]

1. d4 Nf6 2. c4 c5 3. d5 e6 4. Nc3 exd5 5. cxd5 g6 6. e4 d6 7. Nf3 Bg7 8. Be2
O-O 9. O-O Re8 10. Qc2 a6 11. a4 Nbd7 12. Bg5 Qc7 13. Nd2 Ne5 14. h3 h6 15. Be3
g5 16. f4 gxf4 17. Bxf4 Qe7 18. Rf2 Rf8 19. Raf1 Nfd7 20. Bh2 Ng6 21. Rf3 Nde5
22. Re3 Rb8 23. Kh1 Bd7 24. a5 b5 25. axb6 Rxb6 26. Ra1 Rfb8 27. b3 h5 28. Bxh5
Qg5 29. Bxg6 Qxe3 30. Bh5 Nd3 31. Bg1 Ne1 32. Nc4 Nxc2 33. Bxf7+ Kxf7 34. Rf1+
Kg8 35. Bxe3 Nxe3 0-1

[Event "SR 2. liga A 2011/2012"]
[Site "?"]
[Date "2012.01.29"]
[Round "50.6"]
[White "Puchart, Vladimir"]
[Black "Horvath, Marek"]
[Result "1-0"]
[WhiteElo "2079"]
[BlackElo "1844"]
[PlyCount "25"]
[EventDate "2011.??.??"]
[WhiteTeam "Slovakia"]
[BlackTeam "Slovakia"]
[WhiteTeamCountry "SVK"]
[BlackTeamCountry "SVK"]

1. d4 d5 2. c4 e6 3. Nf3 Nf6 4. Bg5 Be7 5. Nc3 O-O 6. e3 b6 7. cxd5 Nxd5 8.
Nxd5 Bxg5 9. Nxc7 Qxc7 10. Nxg5 Bb7 11. Bd3 Bxg2 12. Bxh7+ Kh8 13. Qh5 1-0

[Event "SR 2. liga A 2011/2012"]
[Site "?"]
[Date "2012.01.29"]
[Round "50.7"]
[White "Petrakovic, Kamil"]
[Black "Sturdik, Igor"]
[Result "0-1"]
[WhiteElo "1869"]
[BlackElo "2067"]
[PlyCount "158"]
[EventDate "2011.??.??"]
[WhiteTeam "Slovakia"]
[BlackTeam "Slovakia"]
[WhiteTeamCountry "SVK"]
[BlackTeamCountry "SVK"]

1. e4 Nf6 2. Nc3 d5 3. exd5 Nxd5 4. Nxd5 Qxd5 5. Qf3 Be6 6. Ne2 Qxf3 7. gxf3
Nc6 8. c3 Bd5 9. Bg2 Ne5 10. Nd4 c5 11. Nb5 O-O-O 12. Nxa7+ Kb8 13. Nb5 Bc4 14.
Bf1 Nxf3+ 15. Kd1 Bxf1 16. Rxf1 Nxh2 17. Re1 Ng4 18. Re2 h5 19. d4 cxd4 20.
cxd4 e6 21. f3 Nf6 22. Bf4+ Ka8 23. Rc1 Nd5 24. Bh2 b6 25. Rc4 Kb7 26. a3 Be7
27. Ke1 Rc8 28. Ra4 Ra8 29. Rxa8 Kxa8 30. Be5 Bf6 31. Bh2 Rc8 32. Nd6 Rc7 33.
Rd2 Rd7 34. Rc2 Rc7 35. Rxc7 Nxc7 36. Nxf7 Nb5 37. Ne5 Nxd4 38. Kf2 Kb7 39. Ke3
Nc6 40. Nd3 Na5 41. Nf4 Bxb2 42. Nxh5 Nc4+ 43. Kd3 Nxa3 44. Bd6 Nb5 45. Bf8 Kc6
46. Nxg7 Kd5 47. Nh5 Be5 48. Be7 Nc7 49. Bb4 Na6 50. Bd2 Nc5+ 51. Ke2 Kc4 52.
f4 Bd4 53. Ng3 Nb7 54. Ne4 Nc5 55. Nd6+ Kd5 56. Nb5 Ke4 57. Nd6+ Kd5 58. Nb5
Kc4 59. Na3+ Kb3 60. Nb5 Bg7 61. Be3 Kc4 62. Nc7 Bd4 63. Ne8 Bxe3 64. Kxe3 Kd5
65. Nc7+ Kc6 66. Ne8 b5 67. Kd4 b4 68. Ng7 b3 69. Nxe6 b2 70. Nxc5 b1=Q 71. Nd3
Qg1+ 72. Kc4 Qe3 73. Ne5+ Kd6 74. Nd3 Qe4+ 75. Kc3 Kd5 76. Nb4+ Kc5 77. Nd3+
Kb5 78. Kd2 Kc4 79. Nb2+ Kd4 0-1

[Event "SR 2. liga A 2011/2012"]
[Site "?"]
[Date "2012.01.29"]
[Round "50.8"]
[White "Krist, Milan"]
[Black "Soldan, Jan"]
[Result "1-0"]
[WhiteElo "1990"]
[BlackElo "1834"]
[PlyCount "95"]
[EventDate "2011.??.??"]
[WhiteTeam "Slovakia"]
[BlackTeam "Slovakia"]
[WhiteTeamCountry "SVK"]
[BlackTeamCountry "SVK"]

1. d4 Nf6 2. Nf3 d6 3. c4 Nbd7 4. Nc3 e5 5. dxe5 dxe5 6. Bg5 Be7 7. e3 O-O 8.
Be2 c6 9. O-O Qc7 10. Nd2 h6 11. Bh4 Re8 12. Qc2 a5 13. Rad1 Nc5 14. Bg3 Bd6
15. a3 Ne6 16. Nde4 Be7 17. Nxf6+ Bxf6 18. Ne4 Be7 19. Qc3 f6 20. c5 Rd8 21.
Rxd8+ Nxd8 22. Rd1 Be6 23. Bc4 Bxc4 24. Qxc4+ Kf8 25. f4 Nf7 26. b4 axb4 27.
axb4 b5 28. cxb6 Qxb6 29. Nc5 Bxc5 30. bxc5 Qc7 31. h3 Qe7 32. Qc3 e4 33. f5
Rd8 34. Rxd8+ Qxd8 35. Qd4 Qd5 36. Qxd5 cxd5 37. Bf4 Ne5 38. Bxe5 fxe5 39. g4
Ke7 40. h4 Kd7 41. g5 hxg5 42. hxg5 Kc6 43. f6 gxf6 44. gxf6 Kxc5 45. f7 d4 46.
f8=Q+ Kc4 47. Qa3 d3 48. Kf1 1-0

[Event "SR 2. liga A 2011/2012"]
[Site "?"]
[Date "2012.01.29"]
[Round "51.1"]
[White "Kundrik, Peter"]
[Black "Vlcek, Stanislav"]
[Result "1/2-1/2"]
[WhiteElo "2260"]
[BlackElo "2330"]
[PlyCount "20"]
[EventDate "2011.??.??"]
[WhiteTeam "Slovakia"]
[BlackTeam "Slovakia"]
[WhiteTeamCountry "SVK"]
[BlackTeamCountry "SVK"]

1. e4 {0} c5 2. Nf3 d6 3. c3 Nf6 4. h3 g6 5. Bd3 Bg7 6. Bc2 e5 7. d4 cxd4 8.
cxd4 O-O 9. O-O Nc6 10. d5 Nb4 1/2-1/2

[Event "SR 2. liga A 2011/2012"]
[Site "?"]
[Date "2012.01.29"]
[Round "51.2"]
[White "Todor, Razvan"]
[Black "Seitler, Andrej"]
[Result "1/2-1/2"]
[WhiteElo "2199"]
[BlackElo "2247"]
[PlyCount "41"]
[EventDate "2011.??.??"]
[WhiteTeam "Slovakia"]
[BlackTeam "Slovakia"]
[WhiteTeamCountry "SVK"]
[BlackTeamCountry "SVK"]

1. c4 Nf6 2. g3 g6 3. Bg2 Bg7 4. Nc3 O-O 5. e4 d6 6. Nge2 Nc6 7. d3 e5 8. O-O
Nd4 9. f4 Bg4 10. h3 Bxe2 11. Nxe2 Nd7 12. f5 a6 13. Be3 c5 14. Nc3 b5 15. Qd2
bxc4 16. dxc4 Nb6 17. b3 a5 18. g4 a4 19. Rab1 axb3 20. axb3 Rb8 21. Bg5
1/2-1/2

[Event "SR 2. liga A 2011/2012"]
[Site "?"]
[Date "2012.01.29"]
[Round "51.3"]
[White "Abel, Peter"]
[Black "Petrik, Stanislav"]
[Result "0-1"]
[WhiteElo "2198"]
[BlackElo "2165"]
[PlyCount "202"]
[EventDate "2011.??.??"]
[WhiteTeam "Slovakia"]
[BlackTeam "Slovakia"]
[WhiteTeamCountry "SVK"]
[BlackTeamCountry "SVK"]

1. c4 Nf6 2. Nc3 e6 3. e4 c5 4. Nf3 Nc6 5. Be2 Qc7 6. O-O a6 7. h3 Nh5 8. Re1
Nf4 9. Bf1 Be7 10. d4 cxd4 11. Nxd4 O-O 12. Be3 b6 13. Rc1 Bb7 14. g3 Ng6 15.
Bg2 Rac8 16. Na4 Rb8 17. Nb5 axb5 18. cxb5 Qe5 19. bxc6 Bxc6 20. Nxb6 Rfd8 21.
Nc4 Qb5 22. e5 Bxg2 23. Kxg2 Ra8 24. a3 Rab8 25. f4 Rdc8 26. Qd3 Rc7 27. Red1
Rbc8 28. b3 Bxa3 29. Ra1 Bf8 30. Bf2 Rb8 31. Rab1 Ne7 32. Nd6 Qc6+ 33. Kh2 Qc2
34. Rd2 Qxd3 35. Rxd3 Rc2 36. Ne4 Nd5 37. Kg2 Rb4 38. Re1 Rb2 39. Nd2 Rb7 40.
Re2 Bb4 41. Kf3 Bxd2 42. Rexd2 R2xb3 43. Bc5 f6 44. Bd4 Kf7 45. Kg2 Kg6 46. Kf3
h5 47. Rd1 Kf5 48. R1d2 R7b4 49. g4+ Kg6 50. Ke4 hxg4 51. hxg4 Rxd3 52. Rxd3
Rb1 53. Bf2 Rb2 54. Bd4 Rb4 55. Kf3 f5 56. Kg3 Rc4 57. Kf3 Rc1 58. Bf2 Rc3 59.
Rxc3 Nxc3 60. Be3 Nd5 61. Bd2 Ne7 62. Bb4 Ng8 63. g5 Kf7 64. Ke3 Ne7 65. Kf3
Ke8 66. Bc5 Kd8 67. Bd6 g6 68. Bb4 Nd5 69. Bd6 Kc8 70. Bf8 Kb7 71. Ba3 Kc6 72.
Bf8 Kb5 73. Ba3 Kc4 74. Bb2 Kd3 75. Bc1 Nc3 76. Be3 Nb5 77. Bc1 Nd4+ 78. Kf2
Ke4 79. Bd2 Nb5 80. Be3 d6 81. exd6 Nxd6 82. Bd2 Nc4 83. Bc1 e5 84. Kg3 exf4+
85. Bxf4 Ne5 86. Bc1 Nd3 87. Bd2 f4+ 88. Kg4 Ne5+ 89. Kh3 Kf5 90. Ba5 Kxg5 91.
Bc7 Kf5 92. Kg2 g5 93. Bb6 g4 94. Ba7 Nc4 95. Bf2 Ne3+ 96. Kg1 g3 97. Be1 Kg4
98. Bb4 f3 99. Be1 Kf4 100. Bxg3+ Kxg3 101. Kh1 Ng4 0-1

[Event "SR 2. liga A 2011/2012"]
[Site "?"]
[Date "2012.01.29"]
[Round "51.4"]
[White "Petrik, Karol"]
[Black "Godula, Martin"]
[Result "1-0"]
[WhiteElo "2082"]
[BlackElo "2185"]
[PlyCount "73"]
[EventDate "2011.??.??"]
[WhiteTeam "Slovakia"]
[BlackTeam "Slovakia"]
[WhiteTeamCountry "SVK"]
[BlackTeamCountry "SVK"]

1. e4 {0} c5 2. Ne2 d6 3. g3 Nc6 4. Bg2 g6 5. d3 Bg7 6. Nd2 e6 7. a4 Nge7 8.
O-O O-O 9. Nc4 b6 10. Bd2 Rb8 11. Qc1 a6 12. Bf4 e5 13. Bd2 Bg4 14. f3 Be6 15.
Ne3 d5 16. c4 dxc4 17. dxc4 Nd4 18. Nxd4 cxd4 19. Nd5 Rc8 20. f4 Nxd5 21. exd5
Bf5 22. Re1 Re8 23. fxe5 Bxe5 24. b3 Qd6 25. Qa3 Qxa3 26. Rxa3 d3 27. Bf3 Bd4+
28. Kg2 Rxe1 29. Bxe1 Re8 30. Bd2 Be4 31. b4 f5 32. a5 b5 33. c5 Kf7 34. c6 Ke7
35. Bf4 g5 36. d6+ Ke6 37. d7 1-0

[Event "SR 2. liga A 2011/2012"]
[Site "?"]
[Date "2012.01.29"]
[Round "51.5"]
[White "Manak, Jozef"]
[Black "Krajnak, Robert"]
[Result "1/2-1/2"]
[WhiteElo "2053"]
[BlackElo "2094"]
[PlyCount "95"]
[EventDate "2011.??.??"]
[WhiteTeam "Slovakia"]
[BlackTeam "Slovakia"]
[WhiteTeamCountry "SVK"]
[BlackTeamCountry "SVK"]

1. d4 Nf6 2. c4 e6 3. Nf3 b6 4. g3 Ba6 5. Nbd2 c5 6. Bg2 Bb7 7. O-O cxd4 8. Nb3
Be7 9. Nbxd4 a6 10. b3 O-O 11. Bb2 Qc7 12. Rc1 d6 13. e3 Nbd7 14. Ne2 Rac8 15.
Nc3 Qb8 16. Qd2 Rfd8 17. Rfd1 Qa8 18. Qe2 Ne5 19. Nxe5 Bxg2 20. f3 Bh3 21. Nd3
e5 22. e4 b5 23. cxb5 axb5 24. Nb4 d5 25. Nbxd5 Nxd5 26. Rxd5 b4 27. Rxd8+ Rxd8
28. Nd5 Bg5 29. Ra1 f5 30. Bxe5 fxe4 31. fxe4 Kh8 32. Bf4 Bf6 33. Nxf6 gxf6 34.
Qb2 Qa7+ 35. Kh1 Kg7 36. Re1 Ra8 37. e5 Qxa2 38. exf6+ Kg6 39. Be5 Qxb2 40.
Bxb2 Rd8 41. Kg1 Rd2 42. Be5 Rd3 43. Rb1 Be6 44. Rb2 Rxb3 45. Rxb3 Bxb3 46. Kf2
Kf5 47. Bd6 Kxf6 48. Bxb4 1/2-1/2

[Event "SR 2. liga A 2011/2012"]
[Site "?"]
[Date "2012.01.29"]
[Round "51.6"]
[White "Polacik, Igor"]
[Black "Manak, Adrian"]
[Result "1/2-1/2"]
[WhiteElo "2165"]
[BlackElo "1931"]
[PlyCount "182"]
[EventDate "2011.??.??"]
[WhiteTeam "Slovakia"]
[BlackTeam "Slovakia"]
[WhiteTeamCountry "SVK"]
[BlackTeamCountry "SVK"]

1. e4 {0} g6 2. d4 Bg7 3. c4 c6 4. Nc3 d5 5. cxd5 cxd5 6. Nxd5 e6 7. Bb5+ Bd7
8. Bxd7+ Qxd7 9. Nc3 Bxd4 10. Nge2 Bxc3+ 11. Nxc3 Qxd1+ 12. Nxd1 Nc6 13. Bd2
Nge7 14. Bc3 O-O 15. Ne3 Rfd8 16. Bf6 Rd7 17. h4 h5 18. g4 Kh7 19. Bc3 Nd4 20.
Kf1 e5 21. Kg2 f6 22. Rad1 Rad8 23. Rd2 Ndc6 24. Rhd1 Rxd2 25. Rxd2 Rxd2 26.
Bxd2 hxg4 27. Nxg4 Kg7 28. Ne3 Kf7 29. Nc4 b6 30. Nd6+ Kg7 31. Ne8+ Kf7 32.
Nd6+ Kg7 33. b4 a6 34. Ne8+ Kf7 35. Nd6+ Kg7 36. a4 Nd4 37. Ne8+ Kf7 38. Nc7 b5
39. a5 Nec6 40. Nxa6 Nc2 41. Nc7 N2xb4 42. a6 Nd3 43. Nxb5 Nc5 44. a7 Nxa7 45.
Nxa7 Nxe4 46. Be3 Nd6 47. Nc6 Nf5 48. Kh3 Ke6 49. Nb4 Kf7 50. Nd5 Ke6 51. Nc3
Nd6 52. Bc5 Nf5 53. Bb6 Ng7 54. Kg4 Nh5 55. Bd8 Nf4 56. Kf3 Kf5 57. Ne4 Nd5 58.
Ng3+ Ke6 59. Kg4 Nf4 60. Kf3 Kf7 61. Nf1 Ke6 62. Ne3 Kf7 63. Ng4 Nh5 64. Ke3
Ke6 65. Kd3 Nf4+ 66. Kc4 Nh5 67. Kc5 Kf5 68. Ne3+ Ke4 69. Nd5 f5 70. Nf6+ Kf3
71. Kd5 Nxf6+ 72. Bxf6 e4 73. Bd4 Kg4 74. Ke5 Kxh4 75. Kf4 Kh3 76. Bc5 Kg2 77.
Be3 Kf1 78. Kg5 Ke2 79. Kf4 Kd3 80. Kg3 Ke2 81. Kg2 Ke1 82. Kg3 Ke2 83. Kf4 Kd3
84. Bb6 Ke2 85. Bc5 Kd3 86. Kg5 Ke2 87. Bb6 Kf3 88. Kxg6 f4 89. Kf5 e3 90. fxe3
fxe3 91. Bxe3 Kxe3 1/2-1/2

[Event "SR 2. liga A 2011/2012"]
[Site "?"]
[Date "2012.01.29"]
[Round "51.8"]
[White "Goga, Frantisek"]
[Black "Nemsak, Denis"]
[Result "0-1"]
[WhiteElo "1989"]
[BlackElo "1916"]
[PlyCount "122"]
[EventDate "2011.??.??"]
[WhiteTeam "Slovakia"]
[BlackTeam "Slovakia"]
[WhiteTeamCountry "SVK"]
[BlackTeamCountry "SVK"]

1. e4 d5 2. e5 d4 3. f4 a6 4. Nf3 e6 5. Bd3 Ne7 6. Be4 Nbc6 7. d3 Nf5 8. Qe2 h5
9. c3 Bc5 10. Bxf5 exf5 11. Nbd2 Ba7 12. Nb3 Rh6 13. Nbxd4 Nxd4 14. cxd4 Bxd4
15. Nxd4 Qxd4 16. Be3 Qd5 17. Rc1 Bd7 18. b3 Bc6 19. Rc5 Qd7 20. O-O O-O-O 21.
d4 Rg6 22. Rf2 h4 23. Qh5 Rh6 24. Qe2 h3 25. g3 Kb8 26. Kf1 b6 27. Rc1 Qd5 28.
Ke1 Qe4 29. Rc3 Bb5 30. Qf3 Rxd4 31. Qxe4 Rxe4 32. Rd2 Kb7 33. Kf2 a5 34. a4
Rc6 35. Rxc6 Bxc6 36. Bd4 Be8 37. Kf3 c5 38. Bc3 Kc7 39. g4 Bc6 40. Rd6 fxg4+
41. Kxg4 Re3 42. Bd2 Rxb3 43. f5 Bxa4 44. Bf4 Kb7 45. e6 fxe6 46. Rxe6 Rd3 47.
Be5 Rd7 48. Rg6 Rf7 49. Rxg7 Rxg7+ 50. Bxg7 Bd7 51. Bc3 Ka6 52. Kxh3 Bxf5+ 53.
Kg3 b5 54. Kf4 b4 55. Bf6 Bh7 56. Ke3 Kb5 57. Kd2 c4 58. h4 a4 59. h5 a3 60. h6
a2 61. Kc1 c3 0-1

[Event "SR 2. liga A 2011/2012"]
[Site "?"]
[Date "2012.01.29"]
[Round "52.1"]
[White "Jablonicky, Frantisek"]
[Black "Schwarz, Dusan"]
[Result "0-1"]
[WhiteElo "2187"]
[BlackElo "2286"]
[PlyCount "98"]
[EventDate "2011.??.??"]
[WhiteTeam "Slovakia"]
[BlackTeam "Slovakia"]
[WhiteTeamCountry "SVK"]
[BlackTeamCountry "SVK"]

1. Nf3 d5 2. d4 Nf6 3. c4 c6 4. Nbd2 Bf5 5. g3 h6 6. Bg2 e6 7. O-O Nbd7 8. b3
Be7 9. Bb2 O-O 10. Ne1 Bh7 11. e3 a5 12. Qe2 a4 13. Bc3 axb3 14. Nxb3 Ne4 15.
Bxe4 Bxe4 16. f3 Bg6 17. e4 dxc4 18. Qxc4 Nb6 19. Qe2 Na4 20. Bd2 Bf6 21. e5
Be7 22. Nd3 Bxd3 23. Qxd3 Qd5 24. Qe4 Rfd8 25. Qxd5 Rxd5 26. f4 Ba3 27. Be3 Nc3
28. Rf2 Rb5 29. Rc2 Nd5 30. Kf2 Bb4 31. Bd2 Bxd2 32. Nxd2 Nb4 33. Rc3 Rxa2 34.
Rxa2 Nxa2 35. Rb3 Rxb3 36. Nxb3 b6 37. Nd2 Nc3 38. Nc4 Nd5 39. Ke2 Kf8 40. Kd3
Ke7 41. Ke4 b5 42. Na5 Kd7 43. g4 Kc7 44. f5 Kb6 45. Nb3 b4 46. Nc5 Kb5 47. Kd3
Nf4+ 48. Ke4 g5 49. Nb7 b3 0-1

[Event "SR 2. liga A 2011/2012"]
[Site "?"]
[Date "2012.01.29"]
[Round "52.2"]
[White "Janos, Martin"]
[Black "Sekera, Branislav"]
[Result "1-0"]
[WhiteElo "2252"]
[BlackElo "2151"]
[PlyCount "73"]
[EventDate "2011.??.??"]
[WhiteTeam "Slovakia"]
[BlackTeam "Slovakia"]
[WhiteTeamCountry "SVK"]
[BlackTeamCountry "SVK"]

1. d4 d5 2. Nf3 Nf6 3. c4 e6 4. Nc3 c6 5. Qb3 Nbd7 6. cxd5 exd5 7. Bf4 Be7 8.
h3 O-O 9. e3 Re8 10. Be2 Nf8 11. O-O Ng6 12. Bh2 Bf8 13. Rfe1 Ne4 14. Nxe4 Rxe4
15. Bd3 Re7 16. Rad1 Be6 17. Ng5 Bc8 18. f4 Re8 19. e4 Be7 20. exd5 Bxg5 21.
fxg5 cxd5 22. Bc7 Rxe1+ 23. Rxe1 Qf8 24. Qxd5 Be6 25. Qxb7 Rc8 26. Ba6 Re8 27.
d5 Bxh3 28. Rxe8 Qxe8 29. Qb8 Bd7 30. Qxe8+ Bxe8 31. Bb8 Ne7 32. Bb7 a5 33. Bd6
Nf5 34. Bc5 f6 35. Bc8 Ng3 36. d6 Ne4 37. b4 1-0

[Event "SR 2. liga A 2011/2012"]
[Site "?"]
[Date "2012.01.29"]
[Round "52.3"]
[White "Kozinka, Roman"]
[Black "Novak, Ivan"]
[Result "0-1"]
[WhiteElo "2056"]
[BlackElo "2187"]
[PlyCount "72"]
[EventDate "2011.??.??"]
[WhiteTeam "Slovakia"]
[BlackTeam "Slovakia"]
[WhiteTeamCountry "SVK"]
[BlackTeamCountry "SVK"]

1. c4 c5 2. Nc3 Nf6 3. Nf3 Nc6 4. g3 d5 5. cxd5 Nxd5 6. Bg2 Nc7 7. O-O e5 8. d3
Be7 9. Be3 O-O 10. Rc1 Be6 11. Na4 b6 12. a3 Na5 13. Nc3 Nb3 14. Rb1 f6 15. Nd2
Nxd2 16. Bxd2 Rc8 17. b3 Qd7 18. Qc2 Nb5 19. Nxb5 Qxb5 20. a4 Qe8 21. Bb7 Rc7
22. Ba6 Kh8 23. f4 Bh3 24. Rf2 Bd6 25. f5 Qh5 26. e4 c4 27. b4 cxd3 28. Qxd3
Rd8 29. Qb3 Be7 30. Be2 Bg4 31. Bc4 Rcd7 32. Bf7 Qh3 33. Rc1 Rxd2 34. Rxd2 Rxd2
35. Rc8+ Bd8 36. Rxd8+ Rxd8 0-1